000 00467nam a22001577a 4500
005 20251108165021.0
008 250721s1990 xx 000 0 ara d
082 1 4 _a539.76/حسن
100 1 _aإطميش، حسن محمد
245 1 0 _aالذرة /
264 1 _aبغداد :
_bدار الشؤون الثقافية العامة - آفاق عربية،
_c1990.
300 _a254ص
650 1 7 _aالفيزياء الذرية
942 _2ddc
_cBK
999 _c19982
_d19982